FISHERIES AND AQUACULTURE TECHNOLOGY (Record no. 216154)

MARC details
000 -LEADER
fixed length control field 00456nam a22001577a 4500
008 - FIXED-LENGTH DATA ELEMENTS--GENERAL INFORMATION
fixed length control field 251110b |||||||| |||| 00| 0 eng d
020 ## - INTERNATIONAL STANDARD BOOK NUMBER
International Standard Book Number 979-8-88715-058-1
100 ## - MAIN ENTRY--PERSONAL NAME
Personal name MILLER, AUSTIN PAUL
245 ## - TITLE STATEMENT
Title FISHERIES AND AQUACULTURE TECHNOLOGY
260 ## - PUBLICATION, DISTRIBUTION, ETC.
Place of publication, distribution, etc. DUBLIN
Name of publisher, distributor, etc. ORYSON PRESS
Date of publication, distribution, etc. 2023
300 ## - PHYSICAL DESCRIPTION
Extent XII, 270P.
500 ## - GENERAL NOTE
General note INCLUDES INDEX
650 ## - SUBJECT ADDED ENTRY
Topical term or geographic name entry element 1. FISHERIES- TECHNOLOGY 2. AQUACULTURE -ENGINEERING
942 ## - ADDED ENTRY ELEMENTS (KOHA)
Source of classification or shelving scheme Library of Congress Classification
Koha item type Long Loan Book
Holdings
Withdrawn status Lost status Source of classification or shelving scheme Damaged status Not for loan Home library Current library Date acquired Inventory number Total checkouts Full call number Barcode Date last seen Copy number Price effective from Koha item type
    Library of Congress Classification     Kisii University Library Kisii University Library 11/10/2025 109537   SH 347. M55 2023 000000017884 11/10/2025 C.1 11/10/2025 Long Loan Book
    Library of Congress Classification     Kisii University Library Kisii University Library 11/10/2025 109538   SH 347. M55 2023 000000017883 11/10/2025 C.2 11/10/2025 Long Loan Book
    Library of Congress Classification     Kisii University Library Kisii University Library 11/10/2025 109539   SH 347 .M55 2023 000000017782 11/10/2025 C.3 11/10/2025 Long Loan Book
    Library of Congress Classification     Kisii University Library Kisii University Library 11/10/2025 109540   SH 347 .M55 2023 000000017781 11/10/2025 C. 4 11/10/2025 Long Loan Book